Microwave Pulse Compression in System of Cavities Connected in Series; 13 International symposium on high current electronics
| Parent link: | 13 International symposium on high current electronics.— 2004.— [P. 234-237] |
|---|---|
| Altres autors: | , , , , |
| Sumari: | Title from the title-page. The report studies the resonant microwave pulse compression system comprising two storage cavities connected in series. The first cavity is high-Q multimode, the second one is cylindrical singlemoded. The process of energy transfer from the first cavity into the second one affects the output system parameters considerably. Electric field strength values in the S-band cavities were determined as functions of time and transition factor for the periods of excitation and energy transfer. Experimental data are presented. Режим доступа: из корпоративной сети ТПУ Text files |
| Idioma: | anglès |
| Publicat: |
2004
|
| Col·lecció: | High power microwaves |
| Matèries: | |
| Accés en línia: | http://www.lib.tpu.ru/fulltext2/c/2004/C13/009.pdf |
| Format: | MixedMaterials Electrònic Capítol de llibre |
| KOHA link: | https://koha.lib.tpu.ru/cgi-bin/koha/opac-detail.pl?biblionumber=231687 |
MARC
| LEADER | 00000nla2a2200000 4500 | ||
|---|---|---|---|
| 001 | 231687 | ||
| 005 | 20231031202917.0 | ||
| 035 | |a (RuTPU)RU\TPU\book\252710 | ||
| 035 | |a RU\TPU\book\252703 | ||
| 090 | |a 231687 | ||
| 100 | |a 20130205d2004 k y0engy50 ba | ||
| 101 | 0 | |a eng | |
| 102 | |a RU | ||
| 105 | |a y z 100zy | ||
| 135 | |a drnn ---uucaa | ||
| 200 | 1 | |a Microwave Pulse Compression in System of Cavities Connected in Series |b Electronic resource |f S. A. Novikov [et al.] | |
| 203 | |a Text |c electronic | ||
| 225 | 1 | |a High power microwaves | |
| 230 | |a Electronic text data (1 file : 307 Kb) | ||
| 300 | |a Title from the title-page. | ||
| 320 | |a [References: p. 237 (2 tit.)] | ||
| 330 | |a The report studies the resonant microwave pulse compression system comprising two storage cavities connected in series. The first cavity is high-Q multimode, the second one is cylindrical singlemoded. The process of energy transfer from the first cavity into the second one affects the output system parameters considerably. Electric field strength values in the S-band cavities were determined as functions of time and transition factor for the periods of excitation and energy transfer. Experimental data are presented. | ||
| 333 | |a Режим доступа: из корпоративной сети ТПУ | ||
| 336 | |a Text files | ||
| 337 | |a Adobe Reader | ||
| 463 | 1 | |0 (RuTPU)RU\TPU\book\75459 |t 13 International symposium on high current electronics |o Tomsk, Russia, 25-29 July 2004 |f edited by B. Kovalchuk, G. Remnev |v [P. 234-237] |d 2004 |p 1 Multimedia CD-ROM | |
| 610 | 1 | |a сильноточная электроника | |
| 610 | 1 | |a СВЧ-импульсы | |
| 610 | 1 | |a полости | |
| 610 | 1 | |a сжатие | |
| 610 | 1 | |a труды учёных ТПУ | |
| 610 | 1 | |a электронный ресурс | |
| 701 | 1 | |a Novikov |b S. A. | |
| 701 | 1 | |a Artemenko |b S. N. | |
| 701 | 1 | |a Avgustinovich |b V. A. | |
| 701 | 1 | |a Kaminsky |b V. L. | |
| 701 | 1 | |a Yushkov |b Y. G. |c Russian scientist |c Professor of Tomsk Polytechnic University |f 1937- |g Yuri Georgievich |2 stltpush |3 (RuTPU)RU\TPU\pers\25936 | |
| 801 | 1 | |a RU |b 63413507 |c 20120118 | |
| 801 | 2 | |a RU |b 63413507 |c 20161229 |g RCR | |
| 856 | 4 | |u http://www.lib.tpu.ru/fulltext2/c/2004/C13/009.pdf | |
| 942 | |c CF | ||